000 01862nam a22004097a 4500
003 OSt
005 20230816095718.0
008 220929b |||||||| |||| 00| 0 eng d
040 _cBiblioteca Lado V
082 _a704.943
_bR669f
100 _9223
_aRoca, Jose
_eeditor
245 _aFlorae una revista de FLORA ars+natura/
_b#1-FLORESTANIA/
260 _bFLORA ars+natura
_c2017
_aColombia
300 _a164p.
_c17x22cm
490 _v2017
_a3
_x2462-9324
505 _aLos Viajeros Torpes
_rNatalia Ginzburg
505 _aEstado de la naturaleza
_tPedro Motta
505 _aLa mujer tortuga
_rAna Maria Devis
505 _aDe dónde viene el paisaje?
_rJosé Luis Landet
505 _aDe ida y de vuelta: Artistas Viajeros en el Arte Colombiano
_tCatalina Ruiz Díaz
505 _aSegunda Naturaleza: Gráficas y Abstracciones de lugar
_tSegunda Naturaleza: Gráficas y Abstracciones de lugar El Periplo de una Imagen
505 _aAmazonia Report
_tAmazonia Report, 1976 Golpes en la cáscara/Golpes en la piel Entrevista a Jonier Marín Amazonia Report, 2016
505 _aPsico-Geografias y Transhistorias
505 _aAnti-Aislamiento Creativo
505 _aVine, Vi y me vendí
_rMaría Natalia Leubro
505 _aLo bonito es estar vivo
505 _aLas Joyitas
_gLuz Angela Lizarazo
505 _aMonumentos Privados
_tMonumentos Privados Ladrón Roba a Ladrón
650 _2Tesauro de Arte & Arquitectura
_aARTE
650 _2Tesauro de Arte & Arquitectura
_aNATURALEZA
650 _2Tesauro de Arte & Arquitectura
_aANALISIS
650 _2Tesauro de Arte & Arquitectura
_aCRITICA
650 _2Tesauro de Arte & Arquitectura
_aLITERATURA
650 _2Tesauro de Arte & Arquitectura
_aECOLOGIA
651 _2Tesauro de Arte & Arquitectura
_aCOLOMBIA
942 _2ddc
_c1
_h704.943
_iR669f
_n0
999 _c4124
_d4124